Μυθολογία
Αποθηκεύτηκε σε:
| Κύριος συγγραφέας: | |
|---|---|
| Μορφή: | Βιβλίο |
| Γλώσσα: | Greek |
| Δημοσίευση: |
[Αθήνα] :
Κέδρος,
1980-1989.
|
| Θέματα: | |
| Ετικέτες: |
Προσθήκη ετικέτας
Δεν υπάρχουν, Καταχωρήστε ετικέτα πρώτοι!
|
MARC
| LEADER | 00000cam a2200000 i 4500 | ||
|---|---|---|---|
| 001 | 1/85592 | ||
| 008 | 960910m19801996gr | ||| |||| ||gre|| | ||
| 020 | |a 9600400474 (τ.1) | ||
| 020 | |a 960040044X (τ.2) | ||
| 020 | |a 9600402612 (τ.3) | ||
| 020 | |a 9600402620 (τ.5) | ||
| 020 | |a 9600402647 (τ.6) | ||
| 020 | |a 9600400482 (τ.9) | ||
| 020 | |a 960041145X (τ.10) | ||
| 035 | |a 1992 |b 1 |c Ζερβού |l 10034737 | ||
| 035 | |a 1998 |b 1 |c ΚΠΣ/Ν | ||
| 035 | |a 1998 |b 1 |c ΚΠΣ/Ν | ||
| 040 | |a GR-MY-UA |b gre |e aacr | ||
| 041 | 0 | |a gre | |
| 082 | 0 | |a 808.899282 | |
| 100 | 1 | |a Ζαραμπούκα, Σοφία, |d 1939- | |
| 245 | 1 | 0 | |a Μυθολογία / |c κείμενα και εικονογράφηση Σοφία Ζαραμπούκα ; επιμέλεια Μάρω Δούκα, Κατερίνα Σβολοπούλου. |
| 260 | |a [Αθήνα] : |b Κέδρος, |c 1980-1989. | ||
| 300 | |a 10 τ. | ||
| 505 | 0 | |a τ.1: Ο κόσμος γεννιέται. - Οι Τιτάνες. - Ο Δίας και η οικογένεια του. - τ.2: Η Ηρα, ο Ηφαιστος, η Αφροδίτη και ο Αρης. - τ.3: Η Αθηνά, ο Ποσειδώνας, ο Απόλλωνας και η Αρτεμη. - τ.4: Ο Ερμής, ο Πλούτωνας, η Περσεφόνη, η Δήμητρα και ο Διόνυσος. - τ.5: Οι Μοίρες, ο Προμηθέας, η Πανδώρα, ο Δευκαλίωνας, και οι Ανεμοι. - τ.6: Η Ηώς, ο Ηλιος, ο Φαέθων, η Σελήνη και ο Παν. - τ.7: Οι Κένταυροι, ο Ασκληπιός, οι Μούσες, και ο Ορφέας. - τ.8: Η Ευρώπη και ο Κάδμος, ο Τάνταλος και ο Πέλοπας, ο Δαναός, ο Περσέας και η Μέδουσα. - τ.9: Οι άθλοι του Ηρακλή. - τ.10: Ο Θησέας και ο Μινώταυρος, Ο Μίνωας, η Πασιφάη, η Αριάδνη και ο Αιγαίας | |
| 650 | 0 | 0 | |a Mythology, Greek |x Juvenile literature. |
| 650 | 0 | 0 | |a Illustrated children's books. |
| 650 | 0 | 0 | |a Children's literature, Greek (Modern) |
| 655 | 7 | |a Fairy tales |2 lcgft | |
| 740 | 0 | 2 | |a Ο κόσμος γεννιέται - Οι Τιτάνες - Ο Δίας και η οικογένειά του |
| 740 | 0 | 2 | |a Η Ηρα, ο Ηφαιστος, η Αφροδίτη και ο Αρης |
| 740 | 0 | 2 | |a Η Αθηνά, ο Ποσειδώνας, ο Απόλλωνας και η Αρτεμη |
| 740 | 0 | 2 | |a Ο Ερμής, ο Πλούτωνας, η Περσεφόνη, η Δήμητρα και ο Διόνυσος |
| 740 | 0 | 2 | |a Οι μοίρες, ο Προμηθέας, η Πανδώρα, ο Δευκαλίωνας και οι Ανεμοι |
| 740 | 0 | 2 | |a Η Ηώς, ο Ηλιος, ο Φαέθων, η Σελήνη, και ο Παν |
| 740 | 0 | 2 | |a Οι Κένταυροι, ο Ασκληπιός, οι Μούσες και ο Ορφέας |
| 740 | 0 | 2 | |a Η Ευρώπη, και ο Κάδμος, ο Τάνταλος και ο Πέλοπας, ο Δαναός, ο Περσέας και η Μέδουσα |
| 740 | 0 | 2 | |a Οι άθλοι του Ηρακλή |
| 740 | 0 | 2 | |a Ο Θησέας και ο Μινώταυρος, ο Μίνωας, η Πασιφάη, η Αριάδνη και ο Αιγαίας |
| 852 | |a INST |b RHODES |e 19980605 |h 808.899282 ΖΑΡ |p 005400006323 |q 005400006323 |t BK |y 0 |z τ.9 | ||
| 852 | |a INST |b RHODES |e 19980605 |h 808.899282 ΖΑΡ |p 005400006324 |q 005400006324 |t BK |y 0 |z τ.6 | ||
| 852 | |a INST |b RHODES |e 19980605 |h 808.899282 ΖΑΡ |p 005400006325 |q 005400006325 |t BK |y 0 |z τ.5 | ||
| 852 | |a INST |b RHODES |e 19980605 |h 808.899282 ΖΑΡ |p 005400006326 |q 005400006326 |t BK |y 0 |z τ.4 | ||
| 852 | |a INST |b RHODES |e 19980605 |h 808.899282 ΖΑΡ |p 005400006327 |q 005400006327 |t BK |y 0 |z τ.3 | ||
| 852 | |a INST |b RHODES |e 19980605 |h 808.899282 ΖΑΡ |p 005400006328 |q 005400006328 |t BK |y 0 |z τ.2 | ||
| 852 | |a INST |b RHODES |e 19980605 |h 808.899282 ΖΑΡ |p 005400006329 |q 005400006329 |t BK |y 0 |z τ.1 | ||
| 852 | |a INST |b RHODES |e 19960910 |h 808.899282 ΖΑΡ |p 005400008115 |q 005400008115 |t BK |y 0 |z τ.1 | ||
| 852 | |a INST |b RHODES |e 19960910 |h 808.899282 ΖΑΡ |p 005400008162 |q 005400008162 |t BK |y 0 |z τ.9 | ||
| 852 | |a INST |b RHODES |e 19960910 |h 808.899282 ΖΑΡ |p 005400008164 |q 005400008164 |t BK |y 0 |z τ.8 | ||
| 852 | |a INST |b RHODES |e 19960910 |h 808.899282 ΖΑΡ |p 005400008165 |q 005400008165 |t BK |y 0 |z τ.7 | ||
| 852 | |a INST |b RHODES |e 19960910 |h 808.899282 ΖΑΡ |p 005400008166 |q 005400008166 |t BK |y 0 |z τ.6 | ||
| 852 | |a INST |b RHODES |e 19960910 |h 808.899282 ΖΑΡ |p 005400008167 |q 005400008167 |t BK |y 0 |z τ.4 | ||
| 852 | |a INST |b RHODES |e 19960910 |h 808.899282 ΖΑΡ |p 005400008168 |q 005400008168 |t BK |y 0 |z τ.5 | ||
| 852 | |a INST |b RHODES |e 19960910 |h 808.899282 ΖΑΡ |p 005400008169 |q 005400008169 |t BK |y 0 |z τ.3 | ||
| 852 | |a INST |b RHODES |e 19960910 |h 808.899282 ΖΑΡ |p 005400008170 |q 005400008170 |t BK |y 0 |z τ.2 | ||
| 852 | |a INST |b RHODES |e 19990302 |h 808.899282 ΖΑΡ |p 005400015505 |q 005400015505 |t BK |y 0 |z τ.8 | ||
| 852 | |a INST |b RHODES |e 19990302 |h 808.899282 ΖΑΡ |p 005400015626 |q 005400015626 |t BK |y 0 |z τ.10 | ||
| 852 | |a INST |b RHODES |e 19980605 |h 808.899282 ΖΑΡ |p 005400006323 |q 005400006323 |t BK |v τ.9: |y 0 |z τ.9 | ||
| 852 | |a INST |b RHODES |e 19980605 |h 808.899282 ΖΑΡ |p 005400006324 |q 005400006324 |t BK |v τ.6: |y 0 |z τ.6 | ||
| 852 | |a INST |b RHODES |e 19980605 |h 808.899282 ΖΑΡ |p 005400006325 |q 005400006325 |t BK |v τ.5: |y 0 |z τ.5 | ||
| 852 | |a INST |b RHODES |e 19980605 |h 808.899282 ΖΑΡ |p 005400006326 |q 005400006326 |t BK |v τ.4: |y 0 |z τ.4 | ||
| 852 | |a INST |b RHODES |e 19980605 |h 808.899282 ΖΑΡ |p 005400006327 |q 005400006327 |t BK |v τ.3: |y 0 |z τ.3 | ||
| 852 | |a INST |b RHODES |e 19980605 |h 808.899282 ΖΑΡ |p 005400006328 |q 005400006328 |t BK |v τ.2: |y 0 |z τ.2 | ||
| 852 | |a INST |b RHODES |e 19980605 |h 808.899282 ΖΑΡ |p 005400006329 |q 005400006329 |t BK |v τ.1: |y 0 |z τ.1 | ||
| 852 | |a INST |b RHODES |e 19960910 |h 808.899282 ΖΑΡ |p 005400008115 |q 005400008115 |t BK |v τ.1: |y 0 |z τ.1 | ||
| 852 | |a INST |b RHODES |e 19960910 |h 808.899282 ΖΑΡ |p 005400008162 |q 005400008162 |t BK |v τ.9: |y 0 |z τ.9 | ||
| 852 | |a INST |b RHODES |e 19960910 |h 808.899282 ΖΑΡ |p 005400008164 |q 005400008164 |t BK |v τ.8: |y 0 |z τ.8 | ||
| 852 | |a INST |b RHODES |e 19960910 |h 808.899282 ΖΑΡ |p 005400008165 |q 005400008165 |t BK |v τ.7: |y 0 |z τ.7 | ||
| 852 | |a INST |b RHODES |e 19960910 |h 808.899282 ΖΑΡ |p 005400008166 |q 005400008166 |t BK |v τ.6: |y 0 |z τ.6 | ||
| 852 | |a INST |b RHODES |e 19960910 |h 808.899282 ΖΑΡ |p 005400008167 |q 005400008167 |t BK |v τ.4: |y 0 |z τ.4 | ||
| 852 | |a INST |b RHODES |e 19960910 |h 808.899282 ΖΑΡ |p 005400008168 |q 005400008168 |t BK |v τ.5: |y 0 |z τ.5 | ||
| 852 | |a INST |b RHODES |e 19960910 |h 808.899282 ΖΑΡ |p 005400008169 |q 005400008169 |t BK |v τ.3: |y 0 |z τ.3 | ||
| 852 | |a INST |b RHODES |e 19960910 |h 808.899282 ΖΑΡ |p 005400008170 |q 005400008170 |t BK |v τ.2: |y 0 |z τ.2 | ||
| 852 | |a INST |b RHODES |e 19990302 |h 808.899282 ΖΑΡ |p 005400015505 |q 005400015505 |t BK |v τ.8: |y 0 |z τ.8 | ||
| 852 | |a INST |b RHODES |e 19990302 |h 808.899282 ΖΑΡ |p 005400015626 |q 005400015626 |t BK |v τ.10: |y 0 |z τ.10 | ||
| 853 | |a INST |b RHODES |h 808.899282 ΖΑΡ | ||
| 909 | |a Ρ |b 021898 | ||
| 909 | |a Ρ |b 021899 | ||
| 909 | |a Ρ |b 021900 | ||
| 909 | |a Ρ |b 021901 | ||
| 909 | |a Ρ |b 021902 | ||
| 909 | |a Ρ |b 021903 | ||
| 909 | |a Ρ |b 021904 | ||
| 909 | |a Ρ |b 021905 | ||
| 909 | |a Ρ |b 021906 | ||
| 909 | |a Ρ |b 055281 | ||
| 909 | |a Ρ |b 055282 | ||
| 909 | |a Ρ |b 055283 | ||
| 909 | |a Ρ |b 055284 | ||
| 909 | |a Ρ |b 055285 | ||
| 909 | |a Ρ |b 055286 | ||
| 909 | |a Ρ |b 055287 | ||
| 909 | |a Ρ |b 053843 | ||
| 909 | |a Ρ |b 056476 | ||